Statistics for Most Common Last Names in South America

Click here to take the quiz!

General Stats

  • This quiz has been taken 19 times
  • The average score is 4 of 12

Answer Stats

Country Last Name % Correct
ColombiaRodriguez
72%
EcuadorGarcia
61%
ArgentinaGonzalez
50%
BrazilDa Silva
22%
SurinameLin
6%
BoliviaMamani
0%
GuyanaPersaud
0%
PeruQuispe
0%

Score Distribution

Percentile by Number Answered

Percent of People with Each Score

Your Score History

You have not taken this quiz